Όσοι επέζησαν, διηγούνται
Αποθηκεύτηκε σε:
| Συγγραφή απο Οργανισμό/Αρχή: | |
|---|---|
| Άλλοι συγγραφείς: | |
| Μορφή: | Βιβλίο |
| Γλώσσα: | Greek |
| Δημοσίευση: |
[Ρόδος] :
[Γραφικές Τέχνες Κλαδάς Α.Ε.],
[2006].
|
| Θέματα: | |
| Ετικέτες: |
Προσθήκη ετικέτας
Δεν υπάρχουν, Καταχωρήστε ετικέτα πρώτοι!
|
MARC
| LEADER | 00000cam a2200000 i 4500 | ||
|---|---|---|---|
| 001 | 1/73601 | ||
| 008 | 080206s2006 gr | ||| |||| ||gre|| | ||
| 035 | |l 10094426 | ||
| 040 | |a GR-MY-UA |b gre |e aacr | ||
| 041 | 0 | |a gre | |
| 082 | 7 | |a 938.977 |2 (22) | |
| 245 | 0 | 0 | |a Όσοι επέζησαν, διηγούνται / |c επιμέλεια: Σαρίκου Φλώρα ; Εκπαιδευτήρια "Ροδίων Παιδεία". |
| 260 | |a [Ρόδος] : |b [Γραφικές Τέχνες Κλαδάς Α.Ε.], |c [2006]. | ||
| 300 | |a 62 σ. : |b φωτ. ; |c 29 εκ. | ||
| 651 | 0 | |a Greece |x History |y 20th century. | |
| 651 | 0 | |a Rhodes (Greece : Island) |x History |y 1912-1945. | |
| 700 | 1 | |a Σαρίκου, Φλώρα, |e edtf | |
| 710 | 2 | |a Εκπαιδευτήρια Ροδίων Παιδεία. | |
| 852 | |a INST |b RHODES |e 20080206 |h 938.977 ΟΣΟ |p 005400030048 |q 005400030048 |t BK |y 0 | ||
| 901 | |a BIBL4-2008-1 | ||
| 970 | |a ΧΑΡΙΟΠΟΛΙΤΟΥ |b ΚΩΝΣΤΑΝΤΙΝΑ |z 2008/02/06 | ||